00505nam a2200193 a 4500001001300000003000900013005001700022008004100039020001000080082001500090100002300105245003700128260003300165300000900198500003500207505001700242650002900259700002300288nice12345678IN_TiNIC20260116012017.0050524s1978 luca grp 000 0 eng  ac24000a261.8bZEI aZeitler, Englebert aWomen in India and in the Church aLucknow bNo Publisherc1978 a218p aincludes index and biblioraphy2 aNotes, Bibl. aWomen-Christian Theology1 aZeitler, Englebert